000 nam a22 a 4500
999 _c148294
_d148294
003 BLK
005 20230202141855.0
008 180410b bul|||||r ||||||| ||bul||
010 _aKNG00154516000
040 _aBLK
041 _aBUL
_cBUL
080 _aПолска литература
_b821.162.1
_x-93-32
_z821.162.1-93-32
100 1 _aСенкевич, Хенрик
_eпърви автор
_9378489
139 _aСенкевич, Хенрик
_bС 33
245 1 0 _aЯнко музикантът
_bРазкази
_cХенрик Сенкевич; худож. Иван Кьосев; прев. от пол. Стефан Илчев.
257 _aPOL
260 _aСофия
_bНар. младеж
_c1961
300 _a32 с.
_bс ил.
_c21 см
380 _aDX
490 _aМасова библиотека Пчелица
_v7
_9205275
500 _a50 100 тир.
700 1 _aКьосев, Иван
_eхудож.
_9367385
700 1 _aИлчев, Стефан
_eпрев. от пол.
_9367290
852 _aЦб 265844
856 4 _qpdf
_i0.00
_ldisable
856 4 _qpdf
_i0.00
_ldisable
942 _cKNG
_n0
_s1
944 _aCR
_c07.12.2013
_l07.12.2013 - от С1,Р / 07.12.2013
_kДаниел_Канатов
944 _aED
_c07.12.2013
_l07.12.2013 - от С1,Р / 07.12.2013
999 _d148294